000 00293nam a2200133Ia 4500
005 20251222155122.0
008 251222s9999||||xx |||||||||||||| ||spa||
082 _aAFIS 05
100 _aJ.CAMPOS REY DE C.
245 0 _aHistologĂ­a
250 _a1ra. ed.
264 _bUNMSM
942 _cLIB
999 _c38473
_d38473